Statistiques concernant Paroles L'hymne de nos campagnes - Tryo

Cliquez ici pour prendre le quiz!

Statistiques générales

  • Ce quiz a été pris 1 619 fois
  • Le résultat moyen est 362 sur 473

Statistiques - réponses

Réponse% Correct
c'
100%
l'
100%
à
99%
a
99%
d'
99%
de
99%
m'
99%
n'
99%
t'
99%
es
98%
ça
97%
campagnes
97%
ce
97%
97%
la
97%
nos
97%
hymne
96%
te
96%
du
95%
vie
95%
animal
94%
le
94%
monde
94%
tes
94%
est
93%
montagnes
93%
rivière
93%
tu
92%
man
91%
qu'
91%
qu
91%
un
91%
rivières
90%
une
90%
bien
89%
cordes
89%
fort
89%
j'
89%
si
88%
Si
88%
vocales
88%
dans
87%
je
87%
ne
85%
85%
use
85%
en
84%
et
84%
il
83%
y
83%
au
82%
des
81%
HLM
81%
poème
81%
cité
80%
80%
dédicace
78%
que
78%
les
77%
faire
76%
fond
76%
petit
76%
herbe
75%
part
75%
voir
75%
chose
74%
yeux
74%
brin
73%
as
72%
espérant
71%
grand
71%
temps
71%
ces
70%
puisses
70%
qui
70%
rien
70%
choses
69%
pause
69%
rose
69%
ternes
68%
parfum
66%
cette
65%
crie-le
65%
pas
65%
sur
65%
faut
64%
contre
63%
morose
63%
sa
62%
mains
61%
écoute
58%
na
58%
c'est
57%
eau
57%
mais
57%
terre
56%
près
54%
toi
54%
troquer
54%
va
53%
mans
51%
plus
51%
boulot
50%
même
50%
écureuil
49%
chène
48%
quelque
48%
éphémère
47%
retourne
47%
bout
46%
humaine
45%
mets
45%
odeur
45%
race
45%
son
45%
dis-toi
44%
regarde
44%
shit
44%
tout
44%
vieux
44%
vite
44%
ailleurs
43%
compare
43%
coule
43%
coulis
43%
neurones
43%
pour
43%
agite
42%
comme
42%
cônes
42%
diplômes
42%
maison
42%
partout
42%
vien
42%
demain
41%
servira
41%
seuil
41%
celui
40%
chanter
40%
jusqu'
40%
matin
40%
peut-être
40%
refrain
40%
retient
40%
zone
40%
verras
39%
vivre
39%
alors
38%
ombre
38%
premier
38%
assieds-toi
37%
sois
37%
vient
37%
coups
36%
hache
36%
orgueil
36%
amène
35%
avant
35%
ton
35%
comprendras
34%
liquide
33%
hey
32%
oxygène
32%
fait
31%
quand
31%
béton
30%
envie
30%
leve
30%
mes
30%
tête
30%
avenir
29%
feuilles
29%
forêt
29%
rire
29%
dire
28%
respires
28%
saigne
28%
parle
26%
tous
26%
car
25%
mérite-t-il
25%
animaux
23%
mots
23%
marmots
22%
croissance
21%
message
21%
roseau
20%
captes
19%
ici
19%
tige
19%
lopin
18%
aimerais
17%
riens
11%

Distribution des résultats

Percentile par nombre de réponses

% des personnes avec chaque résultat

Votre développement - résultats

Vous n’avez pas pris ce quiz